| 000 | 00364nam a2200157Ia 4500 | ||
|---|---|---|---|
| 003 | OSt | ||
| 005 | 20240301125758.0 | ||
| 008 | 170523s9999 xx 000 0 und d | ||
| 020 | _a B005BY3XHC | ||
| 040 | _cIIMTU MEERUT | ||
| 100 | _aCHOPRA- DEEPAK | ||
| 245 | 4 | _aTHE SEVEN SPIRITUAL LAW OF SUCCESS | |
| 260 | _bEXCEL BOOK | ||
| 260 | _c1999 | ||
| 942 |
_2ddc _c02 |
||
| 999 |
_c820 _d820 |
||